书目信息 |
| 题名: |
物理课程标准
|
|
| 作者: | 常汝吉 | |
| 分册: | ||
| 出版信息: | 北京 北京师范大学出版社 |
|
| 页数: | 50 | |
| 开本: | 21 | |
| 丛书名: | ||
| 单 册: | ||
| 中图分类: | G427.5 | |
| 科图分类: | ||
| 主题词: | 教学理论 | |
| 电子资源: | ||
| ISBN: | 978-7-303-05885-3 | |
| 000 | 00525nam0 2200181 450 | |
| 001 | 202410183556616199 | |
| 005 | 20241018140332.36 | |
| 010 | @a978-7-303-05885-3@d4.60 | |
| 100 | @a20241018d km y0chiy0120 ea | |
| 101 | 0 | @achi |
| 200 | 1 | @a物理课程标准@AWu Li Ke Cheng Biao Zhun@f常汝吉@FChang Ru Ji |
| 210 | @a北京@c北京师范大学出版社 | |
| 215 | @a50@d21 | |
| 606 | 0 | @a教学理论 |
| 690 | @aG427.5@v4 | |
| 701 | 0 | @a常汝吉@AChang Ru Ji |
| 801 | 0 | @aCN@b大连网信软件有限公司图书馆·11@c20241018 |
| 905 | @aZUCC@dG427.5@e598@f1 | |
| 物理课程标准/常汝吉.-北京:北京师范大学出版社 |
| 50;21 |
| ISBN 978-7-303-05885-3:4.60 |
| ● |
| 相关链接 |
|
|
|
|
正题名:物理课程标准
索取号:G427.5/598
 
预约/预借
| 序号 | 登录号 | 条形码 | 馆藏地/架位号 | 状态 | 备注 |